| 000 | 00839nam a2200277Ia 4500 | ||
|---|---|---|---|
| 003 | OSt | ||
| 005 | 20221005062255.0 | ||
| 006 | a|||||r|||| 00| 0 | ||
| 007 | ta | ||
| 008 | 221004b |||||||| |||| 00| 0 eng d | ||
| 020 |
_a9781138084278 (hbk) _cUKP 115.00 |
||
| 024 | _a44435 | ||
| 037 |
_bBBS/10, 18/01/2019, Better Book Service _cTextual |
||
| 040 |
_aCRL _cCRL _beng |
||
| 041 |
_2eng _aeng |
||
| 082 | _aR694, Q8 | ||
| 100 |
_aBorchert Thomas Ed. _9601614 |
||
| 245 | 0 | _aTheravada Buddhism in colonial contexts | |
| 260 |
_aLondon _bRoutledge UK _c2018 |
||
| 300 |
_aUK _ccm. |
||
| 490 | _aRoutledge critical studies in buddhism | ||
| 650 | _a PHILOSOPHY | ||
| 650 | _aBUDDHISM | ||
| 942 |
_hR694, Q8 _cTEXL _2cc |
||
| 999 |
_c969422 _d969422 |
||